Countries with Capital Punishment - Statistics

General Stats
  • This quiz has been taken 47 times
  • The average score is 76 of 87
Answer Stats
Notes Country % Correct
China
100%
@ Russia
100%
India
98%
Iran
98%
Iraq
98%
Japan
98%
United States
98%
@ Algeria
95%
Belarus
95%
Jordan
95%
Malaysia
95%
@ Tunisia
95%
United Arab Emirates
95%
Afghanistan
93%
Bahrain
93%
Democratic Republic of the Congo
93%
Egypt
93%
@ Eritrea
93%
Indonesia
93%
Kuwait
93%
@ Morocco
93%
Myanmar
93%
@ Niger
93%
North Korea
93%
Oman
93%
Qatar
93%
@ South Korea
93%
Thailand
93%
Yemen
93%
Bangladesh
91%
Ethiopia
91%
# Israel
91%
@ Laos
91%
Libya
91%
@ Mauritania
91%
Nigeria
91%
Pakistan
91%
Syria
91%
Bahamas
88%
# Brazil
88%
Cuba
88%
# Ghana
88%
@ Mali
88%
Saint Lucia
88%
Saint Vincent & the Grenadines
88%
Singapore
88%
Uganda
88%
Vietnam
88%
# Zambia
88%
@ Brunei
86%
# Burkina Faso
86%
# Equatorial Guinea
86%
Jamaica
86%
Lesotho
86%
Saudi Arabia
86%
Somalia
86%
Taiwan
86%
@ Tanzania
86%
Zimbabwe
86%
@ Cameroon
84%
# Chile
84%
Comoros
84%
@ Grenada
84%
@ Kenya
84%
Lebanon
84%
Maldives
84%
South Sudan
84%
Sudan
84%
Antigua & Barbuda
81%
Barbados
81%
Botswana
81%
Dominica
81%
@ Gambia
81%
Saint Kitts & Nevis
81%
@ Tajikistan
81%
# El Salvador
79%
@ Liberia
79%
Trinidad & Tobago
79%
Guyana
77%
# Peru
77%
@ Eswatini
74%
# Guatemala
74%
@ Sri Lanka
74%
@ Tonga
74%
Belize
70%
@ Malawi
70%
Palestine
44%
No matching quizzes found
Score Distribution
Percent of People with Each Score
Percentile by Number Answered
Your Score History
You have not taken this quiz